| 000 | 00902nam a22002657a 4500 | ||
|---|---|---|---|
| 001 | BR9509206 | ||
| 003 | BR-BrBNA | ||
| 005 | 20230928094753.0 | ||
| 007 | ta | ||
| 008 | 230509b bl.||||| |||| 00| 0 por d | ||
| 040 |
_aBR-BrBNA _bpor _cBiblioteca Nacional de Agricultura |
||
| 041 | _a(Por) | ||
| 072 | _aE14; L01 | ||
| 090 | _ E14 BR9509206 | ||
| 110 | 1 |
_aSecretaria de Agricultura e Abastecimento do Estado do Ceara, Fortaleza (Brasil) _98624 |
|
| 245 | 1 | _aProjeto: formacao de 400 apicultores, instalacao de 2.000 novas colmeias, treinamento, assistencia tecnica e apoio aos apicultores no desenvolvimento da atividade e garantia da producao | |
| 260 | 3 |
_aFortaleza, CE (Brasil): _c1987. |
|
| 300 | _a22 P. | ||
| 650 | _aProjeto de Desenvolvimento | ||
| 650 | _aApicultura | ||
| 650 | _aAssistencia Tecnica | ||
| 650 | _aCeara | ||
| 909 |
_a202309 _bLucia _c55 _dLucia Elande |
||
| 942 | _cBK | ||
| 999 |
_c52544 _d52544 |
||